कोरोना से जंग / (Record no. 208916)

MARC details
000 -LEADER
fixed length control field 00793nam a22001937a 4500
005 - DATE AND TIME OF LATEST TRANSACTION
control field 20250203162800.0
010 ## - LCCN (DPL NO)
LC control number HIN-129407
020 ## - INTERNATIONAL STANDARD BOOK NUMBER
International Standard Book Number 9788193604595
Terms of availability 100.00
035 ## - SYSTEM CONTROL NUMBER
System control number HN-101753
037 ## - SOURCE OF ACQUISITION
Source of stock number/acquisition DBAD
082 ## - DEWEY DECIMAL CLASSIFICATION NUMBER
Classification number 821
100 ## - MAIN ENTRY--PERSONAL NAME
Personal name शर्मा, हितेश कुमार
245 ## - TITLE STATEMENT
Title कोरोना से जंग /
Statement of responsibility, etc हितेश कुमार शर्मा
250 ## - EDITION STATEMENT
Edition statement प्रथम
260 ## - PUBLICATION, DISTRIBUTION, ETC. (IMPRINT)
Place of publication, distribution, etc बिजनौर (उ. प्र.)
Name of publisher, distributor, etc हरिगंगा प्रकाशन
Date of publication, distribution, etc 2020
270 ## - ADDRESS
Address गणपति भवन, सिविल लाइन्स
City बिजनौर (उ. प्र.)
Postal code 246701
300 ## - PHYSICAL DESCRIPTION
Extent 88पृ.
Dimensions 21 सेमी (अजिल्द)
942 ## - ADDED ENTRY ELEMENTS (KOHA)
Source of classification or shelving scheme Dewey Decimal Classification
Item type Hindi Books
Classification part 821
Call number suffix शर्माहि
Holdings
Withdrawn status Lost status Not for loan Collection code Home library Current library Date acquired Source of acquisition Cost, normal purchase price Full call number Barcode Copy number Cost, replacement price Koha item type
      Non-fiction Vinoba Puri Vinoba Puri 03/02/2025 DBAD 100.00 821 शर्माहि HN-101753 1 100.00 Hindi Books

© Delhi Public Library
Hit Counter
free hit counter